[Event "Valasska Bystrice op 13th"]
[Site "Valasska Bystrice"]
[Date "2022.09.14"]
[Round "6"]
[White "Stefanisin, Jan"]
[Black "Molnar, Jiri"]
[Result "1-0"]
[WhiteElo "1947"]
[BlackElo "1844"]
[PlyCount "51"]
[EventDate "2022.09.10"]
[EventType "swiss"]
[EventRounds "9"]
[EventCountry "CZE"]
[SourceTitle "CBM 210 Extra"]
[Source "ChessBase"]
[SourceDate "2022.11.30"]
[SourceVersion "1"]
[SourceVersionDate "2022.11.30"]
[SourceQuality "1"]

1. c4 d5 2. g3 Nf6 3. Bg2 e6 4. b3 Be7 5. Bb2 0-0 6. e3 c5 7. Ne2 Nc6 8. 0-0 Qc7 9. Nbc3 Rd8 10. Nf4 dxc4 11. bxc4 a6 12. a3 Na5 13. Qe2 Bd7 14. Ne4 Nxe4 15. Bxe4 f5 16. Bg2 Nc6 17. d4 g5 18. Nxe6 Bxe6 19. d5 Na5 20. Qc2 Bf8 21. dxe6 Bg7 22. Bd5 Qe7 23. Bxg7 Qxg7 24. e7+ Rxd5 25. cxd5 Qxe7 26. Qxf5 1-0

[Event "Valasska Bystrice op 13th"]
[Site "Valasska Bystrice"]
[Date "2022.09.13"]
[Round "5"]
[White "Mohapl, Petr"]
[Black "Stefanisin, Jan"]
[Result "1-0"]
[WhiteElo "2027"]
[BlackElo "1947"]
[PlyCount "45"]
[EventDate "2022.09.10"]
[EventType "swiss"]
[EventRounds "9"]
[EventCountry "CZE"]
[SourceTitle "CBM 210 Extra"]
[Source "ChessBase"]
[SourceDate "2022.11.30"]
[SourceVersion "1"]
[SourceVersionDate "2022.11.30"]
[SourceQuality "1"]

1. d4 Nf6 2. c4 e6 3. Nc3 Bb4 4. e3 0-0 5. Nf3 c5 6. Be2 Bxc3+ 7. bxc3 d6 8. Qc2 Nc6 9. h3 e5 10. 0-0 b6 11. e4 Ba6 12. Bg5 Qc7 13. Bxf6 gxf6 14. Qd2 Kh8 15. Qh6 Qe7 16. d5 Na5 17. Nh4 Bc8 18. f4 Rg8 19. fxe5 Qxe5 20. Rxf6 Rg7 21. Raf1 Bxh3 22. Rxf7 Rag8 23. Ng6+ 1-0

[Event "Valasska Bystrice op 13th"]
[Site "Valasska Bystrice"]
[Date "2022.09.11"]
[Round "2"]
[White "Stefanisin, Jan"]
[Black "Bares, Jachym"]
[Result "1-0"]
[WhiteElo "1947"]
[BlackElo "2103"]
[PlyCount "91"]
[EventDate "2022.09.10"]
[EventType "swiss"]
[EventRounds "9"]
[EventCountry "CZE"]
[SourceTitle "CBM 210 Extra"]
[Source "ChessBase"]
[SourceDate "2022.11.30"]
[SourceVersion "1"]
[SourceVersionDate "2022.11.30"]
[SourceQuality "1"]

1. c4 e5 2. Nc3 Nf6 3. g3 d5 4. cxd5 Nxd5 5. Bg2 Nb6 6. d3 Nc6 7. Nf3 Be7 8. 0-0 0-0 9. a3 Re8 10. b4 Bf8 11. Bb2 Be6 12. Rc1 Rc8 13. Ne4 f6 14. Nc5 Bxc5 15. Rxc5 e4 16. dxe4 Qxd1 17. Rxd1 Na4 18. Rxc6 bxc6 19. Bd4 a5 20. Rc1 axb4 21. axb4 Red8 22. Rxc6 Bd7 23. Rc1 Bb5 24. e3 c6 25. Bh3 Rb8 26. Be6+ Kf8 27. Bb3 Be2 28. Bxa4 Bxf3 29. Bxc6 Rdc8 30. Bc5+ Kf7 31. Bd5+ Ke8 32. Ra1 f5 33. Be6 Ra8 34. Re1 Rd8 35. exf5 Rd2 36. h3 Re2 37. Rf1 h5 38. Bd4 Kf8 39. b5 Rd8 40. Ra1 g6 41. Bc4 Rc2 42. Bb3 Rc7 43. fxg6 Rdc8 44. g7+ Ke7 45. Bb2 Ra8 46. Rxa8 1-0

[Event "Prague Summer op-B 2nd"]
[Site "Prague"]
[Date "2015.08.08"]
[Round "2"]
[White "Tserendorj, Batsaikhan"]
[Black "Stefanisin, Jan"]
[Result "1-0"]
[WhiteElo "2049"]
[BlackElo "1792"]
[PlyCount "57"]
[EventDate "2015.08.07"]
[EventType "swiss"]
[EventRounds "9"]
[EventCountry "CZE"]
[SourceTitle "EXT 2017"]
[Source "ChessBase"]
[SourceDate "2016.10.25"]
[SourceVersion "1"]
[SourceVersionDate "2016.10.25"]
[SourceQuality "1"]

1. d4 Nf6 2. Nf3 e6 3. Bf4 b6 4. e3 Bb7 5. Bd3 c5 6. Nbd2 Nc6 7. c3 Be7 8. 0-0 0-0 9. dxc5 bxc5 10. e4 d6 11. Qe2 Rb8 12. Rfd1 Nd7 13. Nc4 Nb6 14. Rd2 Qc7 15. Rad1 Rfd8 16. Na3 Rd7 17. Bc2 Qd8 18. h4 h6 19. h5 Rc8 20. Nb5 Ba6 21. a4 Bxb5 22. axb5 Na5 23. b3 c4 24. e5 cxb3 25. Bb1 dxe5 26. Nxe5 Rd5 27. Nxf7 Kxf7 28. Bg6+ Kf8 29. Qxe6 1-0

[Event "Frydek Mistek op"]
[Site "Frydek Mistek"]
[Date "2015.04.05"]
[Round "8"]
[White "Shilov, Sergej"]
[Black "Stefanisin, Jan"]
[Result "1-0"]
[WhiteElo "2145"]
[BlackElo "1705"]
[PlyCount "93"]
[EventDate "2015.04.02"]
[EventType "swiss"]
[EventRounds "9"]
[EventCountry "CZE"]
[SourceTitle "CBM 165 Extra"]
[Source "ChessBase"]
[SourceDate "2015.04.21"]
[SourceVersion "1"]
[SourceVersionDate "2015.04.21"]
[SourceQuality "1"]

1. e4 d5 2. exd5 Qxd5 3. Nc3 Qa5 4. d4 Bf5 5. Nf3 c6 6. Bc4 e6 7. Bd2 Qc7 8. Qe2 Be7 9. 0-0-0 Nf6 10. Ne5 Nbd7 11. Bf4 Bd6 12. Kb1 Bxe5 13. dxe5 Nd5 14. Bxd5 cxd5 15. Nb5 Qc6 16. Nd6+ Kf8 17. Nxf5 exf5 18. Qd3 Nb6 19. Qxf5 Qe6 20. Qd3 h6 21. Be3 Nc4 22. Qxd5 Qxd5 23. Rxd5 Nxe3 24. fxe3 Ke7 25. Rhd1 b6 26. c4 Rhc8 27. b3 Kf8 28. Rd7 Re8 29. R1d5 Re6 30. Rb7 Re7 31. Rxe7 Kxe7 32. Kc2 Rc8 33. Kd3 Rc6 34. Ke4 Rg6 35. g3 h5 36. Kf3 Rc6 37. Ke4 Rg6 38. Rd6 Rxd6 39. exd6+ Kxd6 40. Kd4 f6 41. b4 g6 42. e4 a6 43. a4 a5 44. bxa5 bxa5 45. c5+ Kc6 46. Kc4 g5 47. h3 1-0